<?xml version="1.0" encoding="UTF-8"?>
<record
    xmlns:xsi="http://www.w3.org/2001/XMLSchema-instance"
    xsi:schemaLocation="http://www.loc.gov/MARC21/slim http://www.loc.gov/standards/marcxml/schema/MARC21slim.xsd"
    xmlns="http://www.loc.gov/MARC21/slim">

  <leader>02500    a2200193   4500</leader>
  <controlfield tag="001">39836</controlfield>
  <controlfield tag="005">20260407155654.0</controlfield>
  <controlfield tag="008">260407a1969    arg                 spa d</controlfield>
  <controlfield tag="003">AR-UNSa-BCEJYS</controlfield>
  <datafield tag="040" ind1=" " ind2=" ">
    <subfield code="a">AR-UNSa-BCEJYS</subfield>
    <subfield code="b">spa</subfield>
    <subfield code="c">AR-UNSa-BCEJYS</subfield>
  </datafield>
  <datafield tag="080" ind1=" " ind2=" ">
    <subfield code="a">330(8)</subfield>
    <subfield code="x">Econom&#xED;a de Am&#xE9;rica del Sur. Estados y Regiones de Am&#xE9;rica del Sur.
Am&#xE9;rica Latina. Iberoam&#xE9;rica
</subfield>
  </datafield>
  <datafield tag="245" ind1="1" ind2="0">
    <subfield code="a">La econom&#xED;a latinoamericana desde la conquista ib&#xE9;rica hasta la revluci&#xF3;n cubana</subfield>
  </datafield>
  <datafield tag="264" ind1=" " ind2="1">
    <subfield code="a">M&#xE9;xico :</subfield>
    <subfield code="b">Siglo Veintiuno editores</subfield>
    <subfield code="c">1969</subfield>
  </datafield>
  <datafield tag="300" ind1=" " ind2=" ">
    <subfield code="a">311 p.</subfield>
    <subfield code="c">22 cm.</subfield>
  </datafield>
  <datafield tag="505" ind1=" " ind2=" ">
    <subfield code="a">Parte I: De la conquista a la formaci&#xF3;n de los estados nacionales: 1. Introducci&#xF3;n, cuadro f&#xED;sico y evoluci&#xF3;n demogr&#xE1;fica - 2. Bases econ&#xF3;micas y sociales de la ocupaci&#xF3;n territorial - 3. La mitad del siglo XIX - Parte II:Inserci&#xF3;n en el sistema de divisi&#xF3;n internacional del trabajo: 4. La transformaci&#xF3;n del comercio internacional en la segunda mitad del siglo XIX y sus efectos en am&#xE9;rica latina - 5. La reorientaci&#xF3;n de la econom&#xED;a internacional en el siglo actual - 6. Algunos indicadores del grado de desarrollo alcanzado en am&#xE9;rica latina - Parte III: El cuadro de las estructuras tradicionales : 7. Caracteristicas de las estructuras agrarias - 8. Disribuci&#xF3;n y utilizaci&#xF3;n del ingreso social - 9. Los sistemas monetarios y cambiaros - Parte IV: Caracteristicas del proceso de industrializaci&#xF3;n : 10. El proceso de indsutrializaci&#xF3;n (parte I) - 11. El proceso de industrializaci&#xF3;n: situaci&#xF3;n de importaciones - 12. Los desequilibrios provocados por la indistrializaci&#xF3;n sustitutiva de importaciones: La inflaci&#xF3;n estructural - Parte V: Crecimiento y estagnaci&#xF3;n en el periodo reciente: 12. Evoluci&#xF3;n de las estructuras macroecon&#xF3;micas - 14. El sector agropecuario - 15. El sector industrial - 16. Declinaci&#xF3;n en la tasa de crecimiento - Parte VI: Las relaciones internacionales : 17. Las formas tradicionales de la dependencia externa - 18. Las nuevas formas de dependencia externa - 19. En busca de la reestructuraci&#xF3;n de la econom&#xED;a internacional - Parte VII: Las relaciones intrarregionales - 20. El proceso de integraci&#xF3;n en am&#xE9;rica central - 21. El alalc y el grupo andino - Parte VIII: Pol&#xED;ticas de reconstrucci&#xF3;n estructural :22. Ensayos de planificaci&#xF3;n econ&#xF3;mica - 23. Las reformas agrarias - 24. Aspectos econ&#xF3;micos de la revoluci&#xF3;n cubana - 25. Tendencias actuales y perspectivas.</subfield>
  </datafield>
  <datafield tag="942" ind1=" " ind2=" ">
    <subfield code="c">BK</subfield>
  </datafield>
  <datafield tag="590" ind1=" " ind2=" ">
    <subfield code="a">niveau_biblio:m niveau_hierar:0</subfield>
  </datafield>
  <datafield tag="100" ind1="1" ind2=" ">
    <subfield code="a">Furtado, Celso</subfield>
  </datafield>
  <datafield tag="999" ind1=" " ind2=" ">
    <subfield code="c">3114</subfield>
    <subfield code="d">3114</subfield>
  </datafield>
  <datafield tag="952" ind1=" " ind2=" ">
    <subfield code="0">0</subfield>
    <subfield code="1">0</subfield>
    <subfield code="4">0</subfield>
    <subfield code="7">0</subfield>
    <subfield code="a">BCEJYS</subfield>
    <subfield code="b">BCEJYS</subfield>
    <subfield code="c">16</subfield>
    <subfield code="d">2026-04-07</subfield>
    <subfield code="l">0</subfield>
    <subfield code="o">330(8) F992</subfield>
    <subfield code="p">L26318</subfield>
    <subfield code="r">2026-04-07 15:56:54</subfield>
    <subfield code="w">2026-04-07</subfield>
    <subfield code="y">L</subfield>
  </datafield>
  <datafield tag="952" ind1=" " ind2=" ">
    <subfield code="0">0</subfield>
    <subfield code="1">0</subfield>
    <subfield code="4">0</subfield>
    <subfield code="7">0</subfield>
    <subfield code="a">BCEJYS</subfield>
    <subfield code="b">BCEJYS</subfield>
    <subfield code="c">16</subfield>
    <subfield code="d">2026-04-07</subfield>
    <subfield code="l">0</subfield>
    <subfield code="o">330(8) F992</subfield>
    <subfield code="p">L26316</subfield>
    <subfield code="r">2026-04-07 15:56:54</subfield>
    <subfield code="w">2026-04-07</subfield>
    <subfield code="y">L</subfield>
  </datafield>
  <datafield tag="952" ind1=" " ind2=" ">
    <subfield code="0">0</subfield>
    <subfield code="1">0</subfield>
    <subfield code="4">0</subfield>
    <subfield code="7">0</subfield>
    <subfield code="a">BCEJYS</subfield>
    <subfield code="b">BCEJYS</subfield>
    <subfield code="c">16</subfield>
    <subfield code="d">2026-04-07</subfield>
    <subfield code="l">0</subfield>
    <subfield code="o">330(8) F992</subfield>
    <subfield code="p">L26317</subfield>
    <subfield code="r">2026-04-07 15:56:54</subfield>
    <subfield code="w">2026-04-07</subfield>
    <subfield code="y">L</subfield>
  </datafield>
</record>
